|
|
|
|
| LEADER |
01131nam a2200385 4500 |
| 001 |
DLU090096939 |
| 005 |
##20091201 |
| 040 |
# |
# |
|a DLU
|b eng
|
| 041 |
# |
# |
|a eng
|
| 044 |
# |
# |
|a us
|
| 245 |
# |
# |
|a Peptidyl fluorescent chemosensors for the detection of divalent copper /
|c Yujun Zheng ... [et al.].
|
| 653 |
# |
# |
|a Chemical enrichment
|
| 653 |
# |
# |
|a Chemical sensors
|
| 653 |
# |
# |
|a Copper ion
|
| 653 |
# |
# |
|a Fluorescence spectrometry
|
| 653 |
# |
# |
|a Fluorophore
|
| 653 |
# |
# |
|a Ionophore
|
| 653 |
# |
# |
|a Ultraviolet visible spectrometry
|
| 700 |
# |
# |
|a Andreopoulos, Fotios M.
|
| 700 |
# |
# |
|a Cao, Xihui.
|
| 700 |
# |
# |
|a Konka, Veeranjaneyulu.
|
| 700 |
# |
# |
|a Leblanc, Roger M.
|
| 700 |
# |
# |
|a Orbulescu, Jhony.
|
| 700 |
# |
# |
|a Pham, Si M.
|
| 700 |
# |
# |
|a Zheng, Yujun.
|
| 773 |
# |
# |
|t Analytical Chemistry
|g Vol. 75, no. 7 (April 2003), p. 1706-1712
|
| 920 |
# |
# |
|a Phòng Tạp chí -- Trung tâm Thông tin - Thư viện Trường Đại học Đà Lạt
|
| 994 |
# |
# |
|a DLU
|
| 900 |
# |
# |
|a True
|
| 911 |
# |
# |
|a Trương Bảo Trâm Anh
|
| 925 |
# |
# |
|a G
|
| 926 |
# |
# |
|a A
|
| 927 |
# |
# |
|a BB
|
| 980 |
# |
# |
|a Thư viện Trường Đại học Đà Lạt
|